000 00658nam a22001697a 4500
005 20251108164250.0
008 250721s1991 xx 000 0 ara d
082 1 4 _a621.389/فار
100 1 _aالعامري، فاروق محمد
245 1 0 _aالجديد و الحديث في أنظمة الإذاعة الداخلية و المؤتمرات و الأنتركوم :
_bكل ما يجب ان تعرفه عن ... /
264 1 _aالقاهرة :
_bمركز ناصر للدراسات،
_c1991.
300 _a89ص
650 1 7 _aالهندسة الإلكترونية
650 1 7 _aالأجهزة الإلكترونية
942 _2ddc
_cBK
999 _c7860
_d7860